000 00658nam a2200181 i 4500
001 98508
003 ES-MaACL
005 20230906182312.0
007 t|
008 030224s1869 sp ||||1| spa d
080 _a336.722(460.27 M.)(055.5)
110 2 _aCaja de Ahorros de Madrid.
_92287
245 1 0 _aMemoria anual de la Caja de Ahorros de Madrid y estados generales de su situación y operaciones hasta 31 de diciembre de 1868.
260 _aMadrid :
_b[s.n.],
_c1869 (
_fImp. del Colegio de Sordo-Mudos y de Ciegos)
300 _a13 p., 3 h. pleg. ;
_c20 cm.
610 2 4 _aCaja de Ahorros de Madrid-
_vMemorias.
_9143740
852 4 _aES-MaACL
_jT-92-F-3
999 _c98508
_d98508